LEADER 01124nam a2200217 i 4500 001 000000028995 003 CaOOAMICUS 005 20260331124835.0 008 180830s1935 it u000 u lat u 040 $aSeMil$bita 245 00$aTomus 1., In sanctum Matthaeum, pars prior ; Tomus 2., In sanctum Matthaeum, pars secunda. 250 $aEditio quarta emendata. 264 1$aTaurini :$bMarietti a. 1820 condita,$c1835. 300 $a2 PT. (XII, 478, 493 p.) ;$c23 cm 650 4$aBibbia. Nuovo Testamento. Vangelo secondo Matteo - Commentari, studi, critica, interpretazioni.$0(OLS)http://semarc/subject/32 773 0 $aCornelius : a Lapide $tCommentaria in Quatuor Evangelia.$dTaurini : Marietti a. 1820 condita, 1935.$w()28994 850 $aSeMil 852 $aSeMil$W1$xVenegono$y1$m2VV VII 43$j269426$B233414$CSeMilBibl$Z2$F233414 $81 996 $6245$aTomus 1., In sanctum Matthaeum, pars prior ; Tomus 2., In sanctum Matthaeum, pars secunda$9(OLS)http://semarc/title/458930 996 $6264$aTaurini :$bMarietti a. 1820 condita$9(OLS)http://semarc/publisher/35841